000 01377nam a2200301 i 4500
003 EG-GICUC
005 20260221215039.0
008 260221s1916 us ||||fr|||| 00| 0 eng d
040 _aEG-GiCUC
_beng
_cEG-GiCUC
_dEG-GiCUC
_erda
082 0 4 _221
_a341
_bRO . I
092 0 4 _221
099 _aLaw1 11 341 RO . I 1916
100 1 _aRousseau, Jean Jacques
_eAuthor.
245 1 0 _aInstitut Américain De Droit International Historique Notes Opinions /
_b
_cJean Jacques Rousseau.
_n
264 1 _aWashington :
_bInstitut Americain De Droit International,
_c1916.
300 _a145pages :
_billustrations,
_c24 cm
336 _2rda content
_atext
337 _2rda media
_aComputer
338 _2rda carrier
_aOnline Resource
500 _aLe Premier Et Le Plus Grand Intérêt Est Toujours La Justice. Tout Seulent Que Les Conditions Soient Igales Pour Tous, Et La Justice W'est Que Cette Égalité. Le Citoyen Ne Veut Que Les Lois Et Que Pobservation Des Lois. Chaque Particulier Dans Le Peuple Aait Bien Que, S'il Y a Des Exceptions, Elles Ne Seront Pas en Sa Faveur. Ainsi Tous Craignent Les Exceptions; Et Qui Craint Les Exceptions Aime La Loi.
504 _a
546 _aText in English
650 1 4 _aPublic international law
_2
651 1 _2
856 4 0 _uhttps://fll.law.cu.edu.eg/fulltext/bks/B11-00163.pdf
905 _a50
942 _2ddc
_cBK
_e21
_n0
999 _c63959
_d63959